书目信息 |
| 题名: |
台湾秘密档案解密
|
|
| 作者: | 高群服 著 | |
| 分册: | ||
| 出版信息: | 北京 台海出版社 2008.01 |
|
| 页数: | 16, 396页, 4页图版 | |
| 开本: | 26cm | |
| 丛书名: | ||
| 单 册: | ||
| 中图分类: | K295.8 , D618 | |
| 科图分类: | ||
| 主题词: | 历史事件--li shi shi jian--台湾省--现代--史料 , 台湾问题--tai wan wen ti--史料 | |
| 电子资源: | ||
| ISBN: | 978-7-80141-582-0 | |
| 000 | 00950nam0 2200253 450 | |
| 001 | 012009476810 | |
| 005 | 20090621101019.59 | |
| 010 | @a978-7-80141-582-0@dCNY48.00 | |
| 100 | @a20090621d2008 em y0chiy0120 ea | |
| 101 | 0 | @achi |
| 102 | @aCN@b110000 | |
| 105 | @aacf z 000yy | |
| 106 | @ar | |
| 200 | 1 | @a台湾秘密档案解密@Atai wan mi mi dang an jie mi@f高群服著@Fgao qun fu zhu |
| 210 | @a北京@c台海出版社@d2008.01 | |
| 215 | @a16, 396页, 4页图版@c图, 肖像@d26cm | |
| 330 | @a本书根据台湾当局和美国解密的档案及其他资料整理编辑,包括“历史事件真相揭秘”、“机密档案曝光”、“两岸关系秘闻”三个部分,对我们了解台湾及两岸关系很有助益,也为史学家补正史料提供了珍贵的资料及新的视角。 | |
| 606 | 0 | @a历史事件@Ali shi shi jian@y台湾省@z现代@j史料 |
| 606 | 0 | @a台湾问题@Atai wan wen ti@j史料 |
| 690 | @aK295.8@v4 | |
| 690 | @aD618@v4 | |
| 701 | 0 | @a高群服@Agao qun fu@4著 |
| 801 | 0 | @aCN@bQSSK@c20090621 |
| 905 | @b745329-31@dK295.8@eG161@f3 | |
| 台湾秘密档案解密/高群服著.-北京:台海出版社,2008.01 |
| 16, 396页, 4页图版:图, 肖像;26cm |
| ISBN 978-7-80141-582-0:CNY48.00 |
| 本书根据台湾当局和美国解密的档案及其他资料整理编辑,包括“历史事件真相揭秘”、“机密档案曝光”、“两岸关系秘闻”三个部分,对我们了解台湾及两岸关系很有助益,也为史学家补正史料提供了珍贵的资料及新的视角。 |
| ● |
| 相关链接 |
|
|
|
正题名:台湾秘密档案解密
索取号:K295.8/G161
 
预约/预借
| 序号 | 登录号 | 条形码 | 馆藏地/架位号 | 状态 | 备注 |
| 1 | 745329 | 207453290 | 社科库309/309社科库 39排1列3层/ [索取号:K295.8/G161] | 在馆 | |
| 2 | 745330 | 207453307 | 社科库309/309社科库 39排1列3层/ [索取号:K295.8/G161] | 在馆 | |
| 3 | 745331 | 207453316 | 社科库309/309社科库 39排1列3层/ [索取号:K295.8/G161] | 在馆 |